000 00468nam a22001697a 4500
005 20251218151210.0
008 251218b |||||||| |||| 00| 0 eng d
020 _a978-81-203-5085-4
100 _aMANGAL S. K.
245 _aEMOTIONAL INTELLIGENCE
_bMANAGING EMOTIONS TO WIN LIFE
260 _aDELHI
_bPHI LEARNING
_c2025
300 _aXVII, 310P.
500 _aINCLUDES INDEX
650 _aEMOTIONAL INTELLIGENCE
700 _aMANGAL, SHUBHRA
942 _2lcc
_cBK
999 _c216358
_d216358